Modernización de la agricultura (Registro nro. 6539)
[ vista simple ]
| 000 -LEADER | |
|---|---|
| fixed length control field | 01369 a2200193 4500 |
| 001 - CONTROL NUMBER | |
| control field | 58981 |
| 005 - DATE AND TIME OF LATEST TRANSACTION | |
| control field | 20260407155844.0 |
| 008 - FIXED-LENGTH DATA ELEMENTS--GENERAL INFORMATION | |
| fixed length control field | 260407a1967 arg spa d |
| 003 - CONTROL NUMBER IDENTIFIER | |
| control field | AR-UNSa-BCEJYS |
| 040 ## - CATALOGING SOURCE | |
| Original cataloging agency | AR-UNSa-BCEJYS |
| Language of cataloging | spa |
| Transcribing agency | AR-UNSa-BCEJYS |
| 080 ## - UNIVERSAL DECIMAL CLASSIFICATION NUMBER | |
| Universal Decimal Classification number | 631.15 |
| Common auxiliary subdivision | Producción de la explotación agrícola. Gestión de la explotación agrícola. Administración de la explotación agrícola |
| 100 1# - MAIN ENTRY--PERSONAL NAME | |
| Personal name | Schultz, Theodore W. |
| 245 10 - TITLE STATEMENT | |
| Title | Modernización de la agricultura |
| 264 #1 - PRODUCTION, PUBLICATION, DISTRIBUTION, MANUFACTURE, AND COPYRIGHT NOTICE | |
| Place of production, publication, distribution, manufacture | Madrid : |
| Name of producer, publisher, distributor, manufacturer | Aguilar |
| Date of production, publication, distribution, manufacture, or copyright notice | 1967 |
| 300 ## - PHYSICAL DESCRIPTION | |
| Extent | 184 p. |
| Dimensions | 21 cm. |
| 505 ## - FORMATTED CONTENTS NOTE | |
| Formatted contents note | 1. El problema y su planteamiento – 2. Atributos de la agricultura tradicional – 3. Eficiencia de la agricultura tradicional en la aplicación de los factores – 4. La doctrina del trabajo agrícola de valor nulo – 5. Implicaciones de la teoría del precio de las corrientes de renta – 6. El precio de las corrientes de renta derivadas de la agricultura tradicional – 7. Prefacio a la rentabilidad de la inversión – 8. La magnitud de las explotaciones agrícolas, el control y los alicientes – 9. Los factores de la producción ocultados bajo el título de cambio técnico – 10. Los oferentes de factores nuevos y rentables – 11. Los agricultores como demandantes de factores nuevos – 12. Inversión en la población rural |
| 590 ## - LOCAL NOTE (RLIN) | |
| Local note | niveau_biblio:m niveau_hierar:0 |
| 942 ## - ADDED ENTRY ELEMENTS (KOHA) | |
| Koha item type | |
| Withdrawn status | Lost status | Damaged status | Not for loan | Home library | Current library | Shelving location | Date acquired | Total checkouts | Full call number | Barcode | Date last seen | Price effective from | Koha item type |
|---|---|---|---|---|---|---|---|---|---|---|---|---|---|
| Biblioteca Prof. Eusebio Cleto del Rey | Biblioteca Prof. Eusebio Cleto del Rey | 07/04/2026 | 631.15 S386 | L26683 | 07/04/2026 | 07/04/2026 | Libro |